000 00252nam a2200121Ia 4500
005 20251222143214.0
008 251222s9999||||xx |||||||||||||| ||spa||
082 _a972.94/C46
245 0 _aHaiti:
250 _a1ra. Ed.
264 _bCEP
942 _cLIB
999 _c13557
_d13557